|
|
|
|
| LEADER |
00000nam0a2200000 4500 |
| 001 |
349107 |
| 005 |
20231102010154.0 |
| 035 |
|
|
|a (RuTPU)RU\TPU\retro\1111
|
| 090 |
|
|
|a 349107
|
| 100 |
|
|
|a 20180412d1978 k y0rusy50 ca
|
| 101 |
0 |
|
|a rus
|
| 102 |
|
|
|a RU
|
| 105 |
|
|
|a a dm 001zy
|
| 200 |
1 |
|
|a Исследование реакции d (e, e' p) n при энергии электронов 800-1200 Мэв
|e автореферат диссертации на соискание ученой степени кандидата физико-математических наук
|e Спец. 01.04.18
|f В. Л. Агранович
|g Радиевый институт им. В. Г. Хлопина ; науч. рук. П. В. Сорокин
|
| 210 |
|
|
|a Ленинград
|c [Б. и.]
|d 1978
|
| 215 |
|
|
|a 15 с.
|c ил.
|
| 300 |
|
|
|a Защита сост. 16 июня 1978 г.
|
| 320 |
|
|
|a Библиогр.: с. 15 (10 назв.)
|
| 606 |
1 |
|
|a Электроны
|2 stltpush
|3 (RuTPU)RU\TPU\subj\20557
|9 45653
|
| 610 |
1 |
|
|a квазиупругое рассеяние
|
| 610 |
1 |
|
|a импульсы
|
| 610 |
1 |
|
|a нуклоны
|
| 610 |
1 |
|
|a спектакторы
|
| 610 |
1 |
|
|a дейтроны
|
| 610 |
1 |
|
|a волновые функции
|
| 610 |
1 |
|
|a сечение
|
| 610 |
1 |
|
|a измерение
|
| 610 |
1 |
|
|a электронные пучки
|
| 610 |
1 |
|
|a счетчики
|
| 610 |
1 |
|
|a конвекторы
|
| 610 |
1 |
|
|a расчет
|
| 610 |
1 |
|
|a авторефераты диссертаций
|
| 675 |
|
|
|a 539.124(048)
|v 4
|
| 686 |
|
|
|a 01.04.16
|2 oksvnk
|
| 700 |
|
1 |
|a Агранович
|b В. Л.
|g Владимир Львович
|
| 702 |
|
1 |
|a Сорокин
|b П. В.
|4 727
|
| 712 |
0 |
2 |
|a Радиевый институт им. В. Г. Хлопина
|c (Ленинград/Санкт-Петербург)
|2 stltpush
|3 (RuTPU)RU\TPU\col\12354
|9 25373
|
| 801 |
|
1 |
|a RU
|b 63413507
|c 20180412
|
| 801 |
|
2 |
|a RU
|b 63413507
|c 20180416
|g RCR
|
| 942 |
|
|
|c BK
|